| 000 | 01366nam a2200433 c 4500 | ||
|---|---|---|---|
| 999 |
_c51184 _d51184 |
||
| 001 | 51184 | ||
| 003 | ES-MaCES | ||
| 005 | 20190308125304.0 | ||
| 008 | 190307s2018 uk 000 | eng d | ||
| 020 | _a9781509919222 | ||
| 020 | _a9781509919239 (ePDF) | ||
| 020 | _a9781509919246 (ePub) | ||
| 040 |
_aES-MaCES _bspa _cES-MaCES |
||
| 100 | 1 |
_939511 _aComparato, Guido |
|
| 245 | 1 | 4 |
_aThe financialisation of the citizen _b: social and financial inclusion through European private Law _cGuido Comparato |
| 250 | _a1st ed | ||
| 260 |
_aOxford [etc] _bHart _c2018 |
||
| 300 |
_aVIII, 219 p. _c24 cm |
||
| 490 | 1 | _aHart studies in comercial and financial Law | |
| 500 | _aÍndices | ||
| 504 | _aBibliografía: p. 188-211 | ||
| 541 | _cCompra | ||
| 650 | 4 |
_asociedad _927269 |
|
| 650 | 4 |
_afinanciación _928125 |
|
| 650 | 4 |
_aintegración social _927283 |
|
| 650 | 4 |
_apolítica financiera _928124 |
|
| 650 | 4 |
_abanco _928104 |
|
| 650 | 4 |
_aactividad bancaria _928105 |
|
| 650 | 4 |
_aacceso a créditos _930640 |
|
| 650 | 4 |
_aendeudamiento _928115 |
|
| 650 | 4 |
_aderecho financiero _930891 |
|
| 650 | 4 |
_aderecho civil _927156 |
|
| 650 | 4 |
_aderecho comunitario _929866 |
|
| 650 | 4 |
_aUE _926752 |
|
| 653 | 1 | 0 | _aDerecho comunitario |
| 830 | 0 |
_939506 _aHart studies in comercial and financial Law |
|
| 902 | _aLIB Libro | ||
| 942 |
_2CES _cBK _h6.0.5. |
||